Γεωγραφία και σχολείο εργασίας
Αποθηκεύτηκε σε:
| Κύριος συγγραφέας: | |
|---|---|
| Μορφή: | Βιβλίο |
| Γλώσσα: | Greek |
| Δημοσίευση: |
Εν Αθήναις :
Εκδοτικός οίκος Δημητράκου,
[1931].
|
| Θέματα: | |
| Διαθέσιμο Online: | http://hdl.handle.net/11610/16613 |
| Ετικέτες: |
Προσθήκη ετικέτας
Δεν υπάρχουν, Καταχωρήστε ετικέτα πρώτοι!
|
MARC
| LEADER | 00000cam a2200000 i 4500 | ||
|---|---|---|---|
| 001 | 1/61876 | ||
| 008 | 141215s1931 gr | ||| |||| ||gre|| | ||
| 035 | |l 10120129 | ||
| 040 | |a GR-MyUA |b gre |e AACR2 | ||
| 041 | 0 | |a gre | |
| 082 | 0 | |a 910 |2 (23) | |
| 100 | 1 | |a Ζαφειρακόπουλος, Δημήτριος Κ. | |
| 245 | 1 | 0 | |a Γεωγραφία και σχολείο εργασίας / |c Δημητρ. Κ. Ζαφειρακοπούλου. |
| 260 | |a Εν Αθήναις : |b Εκδοτικός οίκος Δημητράκου, |c [1931]. | ||
| 300 | |a 230 σ. ; |c 18 εκ. | ||
| 500 | |a Το αντίτυπο 1 στη σ.τ. σημείωση αρ. 2048. Υπάρχει ψηφιακό αντίγραφο. | ||
| 505 | 0 | |a Οδηγός γεωγραφίας σαν παραμύθι. | |
| 650 | 0 | 0 | |a Geography |x Study and teaching. |
| 852 | |a INST |b SAMOS |c PORFYRIADA |e 20141215 |h 910 ΖΑΦ |p 005300040949 |q 005300040949 |t NOLOAN |y 23 | ||
| 852 | |a INST |b SAMOS |c PORFYRIADA |e 20150929 |h 910 ΖΑΦ |p 005300042756 |q 005300042756 |t NOLOAN |y 23 | ||
| 856 | |u http://hdl.handle.net/11610/16613 | ||
| 901 | |a BIBL3-2014-3 | ||
| 909 | |a Σ |b 185561 | ||
| 970 | |a ΣΙΤΖΙΜΗ |b ΓΙΑΣΕΜΗ |z 2014/12/15 | ||